| 000 | 00499nam a22001697a 4500 | ||
|---|---|---|---|
| 003 | BD-DhUL | ||
| 005 | 20171109143451.0 | ||
| 008 | 171109snd. ii ||||| |||| 00| 0 per d | ||
| 040 |
_aBD-DhUL _cBD-DhUL |
||
| 082 |
_a891.551 _bFAQ |
||
| 100 | 0 | _aفاریابی، ظہیر | |
| 245 | 0 |
_aقصائد ظہیر فاریابی / _cظہیر فاریابی |
|
| 260 |
_aنولکشور : _bمطبع منشی، _c۔ |
||
| 300 |
_aص۔ ۳۳۸ ؛ _c۲۴ سم۔ |
||
| 650 | 0 | _aPersian poetry | |
| 942 |
_2ddc _cBK |
||
| 999 |
_c231863 _d231863 |
||